00641nam a2200241Ia 4500008004100000020001500041050001000056050001400066100002100080245004200101245002400143260001200167260001100179260000900190300001600199300002000215300001000235650004000245650003700285650001800322700004800340700001100388170711s9999 xx 000 0 und d a8126130369 a613.7 bA266 2006 aAggarwal, Yaksha aEncyclopaedia of physical education / cby Yaksha Aggarwal. aIndia : bAnmol, c2006 a230 pages : billustrations ; c24cm. aPhysical education and training --  aPhysical education and training. xDictionaries. aTitle : Encyclopedia of physical education. aTitle.